<?xml version="1.0" encoding="UTF-8"?>
<record
    xmlns:xsi="http://www.w3.org/2001/XMLSchema-instance"
    xsi:schemaLocation="http://www.loc.gov/MARC21/slim http://www.loc.gov/standards/marcxml/schema/MARC21slim.xsd"
    xmlns="http://www.loc.gov/MARC21/slim">

  <leader>01482nam a22002177a 4500</leader>
  <controlfield tag="003">IT-MiCISF</controlfield>
  <controlfield tag="005">20230420145415.0</controlfield>
  <controlfield tag="008">230420b        |||||||| |||| 00| 0 eng d</controlfield>
  <datafield tag="040" ind1=" " ind2=" ">
    <subfield code="c">IT-MiCISF</subfield>
  </datafield>
  <datafield tag="041" ind1=" " ind2=" ">
    <subfield code="a">it</subfield>
  </datafield>
  <datafield tag="100" ind1=" " ind2=" ">
    <subfield code="a">Lo Porto Giulia</subfield>
    <subfield code="9">59940</subfield>
  </datafield>
  <datafield tag="245" ind1=" " ind2=" ">
    <subfield code="a">Agar.</subfield>
    <subfield code="b">La ribelle che dialog&#xF2; con Dio</subfield>
  </datafield>
  <datafield tag="260" ind1=" " ind2=" ">
    <subfield code="a">Milano, </subfield>
    <subfield code="b">Periodici San Paolo, </subfield>
    <subfield code="c">2023</subfield>
  </datafield>
  <datafield tag="300" ind1=" " ind2=" ">
    <subfield code="a">pp. 138</subfield>
  </datafield>
  <datafield tag="500" ind1=" " ind2=" ">
    <subfield code="a">donna, fede, storia</subfield>
  </datafield>
  <datafield tag="501" ind1=" " ind2=" ">
    <subfield code="a">Ediziona originale San Paolo, 2022</subfield>
  </datafield>
  <datafield tag="520" ind1=" " ind2=" ">
    <subfield code="a">Agar, donna la cui storia di maternit&#xE0; viene narrata nel ciclo dei patriarchi, &#xE8; quasi sempre definita a partire dalle sue relazioni: &#xE8; la schiava di Sara, la moglie di Abramo, la madre di Ismaele. Eppure, Agar l'egiziana, anteponendo l'esperienza vissuta sul proprio corpo alle gerarchie sociali e ai vincoli del diritto, ridefinisce se stessa, modifica lo sguardo sulla propria condizione, si mette in ascolto di quanto le accade e, con l'aiuto del Dio d'Israele, d&#xE0; vita a una storia nuova, a un popolo nuovo. Lo studio dei testi di Genesi che ne raccontano la vicenda (16 e 21,1-21) mette in luce diverse stratificazioni e numerosi rimaneggiamenti che testimoniano l'interesse degli autori dell'Antico Testamento per la madre del primo figlio di Abramo. Agar &#xE8; una donna giovane e ribelle che incontra Dio e dialoga con lui nella terra di confine tra la vita e la morte, l&#xEC; dove la ricerca di se stessa la conduce.</subfield>
  </datafield>
  <datafield tag="650" ind1=" " ind2=" ">
    <subfield code="a">Donna</subfield>
    <subfield code="9">59941</subfield>
  </datafield>
  <datafield tag="654" ind1=" " ind2=" ">
    <subfield code="a">saggio</subfield>
  </datafield>
  <datafield tag="942" ind1=" " ind2=" ">
    <subfield code="2">ddc</subfield>
    <subfield code="c">BK</subfield>
  </datafield>
  <datafield tag="999" ind1=" " ind2=" ">
    <subfield code="c">359688</subfield>
    <subfield code="d">359688</subfield>
  </datafield>
  <datafield tag="952" ind1=" " ind2=" ">
    <subfield code="0">0</subfield>
    <subfield code="1">0</subfield>
    <subfield code="2">ddc</subfield>
    <subfield code="4">0</subfield>
    <subfield code="6">A_2394_000000000000000</subfield>
    <subfield code="7">1</subfield>
    <subfield code="a">CISF</subfield>
    <subfield code="b">CISF</subfield>
    <subfield code="d">2023-04-20</subfield>
    <subfield code="l">0</subfield>
    <subfield code="o">A2394</subfield>
    <subfield code="p">9788892241497</subfield>
    <subfield code="r">2023-04-20 00:00:00</subfield>
    <subfield code="w">2023-04-20</subfield>
    <subfield code="y">BK</subfield>
  </datafield>
</record>
